| 000 | 00644nam a22002057a 4500 | ||
|---|---|---|---|
| 001 | 20562 | ||
| 003 | BD-RjUL | ||
| 005 | 20211209000600.0 | ||
| 008 | 140301s1931 ehk||||| |||| 001 0 eng d | ||
| 035 | _a(BD-RjUL)20624 | ||
| 040 |
_aBD-RjUL _beng _cBD-RjUL |
||
| 041 | _aeng | ||
| 082 |
_a672.23 _bYER 1931 |
||
| 110 |
_aAmerican Iron and Steel Institute. _963450 |
||
| 245 | _aYear book / | ||
| 260 |
_aNew York : _b American iron and steel institute, _c1931. |
||
| 300 |
_a565 p. : _b fronts.(ports.)illus., plates(part fold) port. groups, diagrs. ; _c 24 cm |
||
| 650 |
_aIron industry and trade -- United States. _963445 |
||
| 942 |
_2ddc _cBK |
||
| 999 |
_c20562 _d20562 |
||